Records in Tennis - Statistics

General Stats
  • This quiz has been taken 60 times
  • The average score is 4 of 6
Answer Stats
Hint Answer % Correct
Most Grandslam titles Novak Djokovic
100%
Most Roland Garros titles Rafael Nadal
98%
youngest world number 1 Carlos Alcaraz
89%
Most aces ever John Isner
76%
Most Atp match wins Jimmy Connors
57%
Fastest forehand ever James Blake
2%
No matching quizzes found
Score Distribution
Percent of People with Each Score
Percentile by Number Answered
Your Score History
You have not taken this quiz